000 00624nam a2200217 a 4500
001 000015004
005 20200929163933.0
008 100128s1982 mx 000 0 spa d
020 _a9684342284
040 _aDO-SdBNP
_bspa
_cBNPHU
082 _aM863.2
_bC967m
100 1 _aCuéllar, José Tomás de,
_d1830-1894
_933962
245 1 4 _aLos mariditos /
_cJosé Tomás de Cuéllar.
260 _aMéxico :
_bPremiá,
_c1982.
300 _a112, [7] p. ;
_c21 cm.
490 1 _aLa matraca
_v6
650 4 _aNovela mexicana
_93959
650 4 _aLiteratura mexicana
_91922
830 3 _aLa matraca ;
_v6
_917861
049 _aBNGR
999 _c14577
_d14577